000 01708cam a22004694i 4500
003 PE-LiUPU
005 20250731172750.0
008 150617s1976 fr r 000 0 spa d
020 _a8439957254
035 _a(Sirsi) i9788439957256
040 _aPE-LiUPU
_bspa
_cPE-LiUPU
_erda
049 _aPRUA
082 0 4 _a228
_bD26
_221
100 1 _aDarby, John Nelson,
_eautor.
245 1 0 _aEstudio sobre el libro de Apocalípsis /
_cJohn Nelson Darby.
264 1 _aValence :
_bLa bonne semence,
_c1976.
300 _a107 páginas ;
_c18 centímetros
336 _atext
_2rdacontent
337 _aunmediated
_2rdamedia
338 _avolume
_2rdacarrier
500 _aImpreso para la Bonne Semence por Editorial Clie.
505 0 _aLas cosas que has visto y las que son -- Acontecimientos preparatorios vistos desde el cielo -- La apertura de los sellos -- Detalles de la historia general simbólica -- Las cosas finales.
526 _aSEG42
526 _aSEG41
526 _aSEG40
526 _aSEG39
526 _aP94
526 _aP87
526 _aP86
526 _aP85
526 _aP77
526 _aP76
526 _aP35
630 _aBiblia
_pN.T.
_pApocalipsis
_xComentarios.
910 _ajck
_bjvq
_cjck
_d20150616
942 _2ddc
_cBOOK
949 _a228 D26
_wDEWEY
_c1
_i18908
_lCCODEBUL1
_mBUL
_r0
_sY
_tBOOK
_u2015-6-17
_xTEOLOGIA
_PP35
_0COMPRA
_o.STAFF. Colección general
994 _aC0
_bPEPRU
596 _a1
999 _a228 D26
_wDEWEY
_c2706
_i18908
_d2706
_e2017-5-2
_f2021-11-11
_g5
_lCCODEBUL1
_mBUL
_n1
_p10.00
_q9
_r0
_sY
_tBOOK
_u2015-6-17
_xTEOLOGIA
_PP35
_0COMPRA
_o.STAFF. Colección Teología
980 _81
_gALBERTO SANCHEZ Responsable de Automatización